Sports Quiz

Random Sports or NBA Quiz

NBA Video Game Cover Athletes Quiz Stats

 Plays Quiz Updated Sep 3, 2015

Score 0/37 Timer 06:00
5 Plays Today
% Correct
Kobe Bryant
99%
Dwyane Wade
94.2%
Dirk Nowitzki
93.9%
Allen Iverson
93.5%
Tony Parker
93.3%
Tim Duncan
92.8%
Shaquille O'Neal
92.7%
Dwight Howard
92.5%
Chris Paul
92%
Kevin Garnett
91.9%
Jason Kidd
90.3%
Michael Jordan
89.9%
Carmelo Anthony
88.6%
Tracy McGrady
88.5%
Paul Pierce
88.3%
Kevin Durant
87.5%
Vince Carter
87%
Larry Bird
86.4%
LeBron James
85.4%
% Correct
Magic Johnson
84.7%
Ben Wallace
84.2%
Kyrie Irving
83.3%
Damian Lillard
80.4%
Pau Gasol
74.8%
Ray Allen
74.5%
Shawn Kemp
74.3%
Gilbert Arenas
65.8%
Tim Hardaway
64.2%
Chris Webber
63.4%
Amar'e Stoudemire
63.3%
Brandon Roy
57.7%
Steve Francis
54.7%
Stephon Marbury
48.6%
Antoine Walker
47.9%
Baron Davis
45.1%
Mitch Richmond
37.2%
Glen Rice
36.1%

You're not logged in!

Compare scores with friends on all Sporcle quizzes.
OR
Log In

You Might Also Like...

Show Comments

Extras

Top Quizzes Today


Score Distribution

Your Account Isn't Verified!

In order to create a playlist on Sporcle, you need to verify the email address you used during registration. Go to your Sporcle Settings to finish the process.

Report this User

Report this user for behavior that violates our Community Guidelines.

Details: